000
00249nam a22000977a 4500
999
_c
11796
_d
11796
008
200217b ||||| |||| 00| 0 eng d
020
_a
0590965433
100
_a
Bergey Alyce
_9
7477
245
_a
Night of the Ninjas
260
_a
New York
_b
Scholastic
_c
1995